Регионална библиотека "Любен Каравелов" - Русе

Ритъмът на войната (Запис номер 435622)

MARC детайли
000 -Лидер
Контролно поле с фиксирана дължина 01254nam a2200325 a 4500
003 - Код на организацията, давaща контролен номер
Контролно поле BLK
005 - Дата и час на последна редакция
Контролно поле 20241127172257.0
008 - Елементи от данни с фиксирана дължина
fixed length control field 200817b bul|||||r ||||||| ||bul||
020 ## - Международен стандартен номер на книга ISBN
Международен стандартен номер на книга ISBN 9786191932023
040 ## - Източник на каталожния запис
Идентификатор на билиотеката - собственик на записа BLK
041 ## - Код за език
Код за езика на текст/звукозапис или на отделно заглавие Български
Код за езика КДБФ Български
080 ## - УДК
Текстов определител УДК Американска литература (на САЩ)
УДК код - определител по УДК 821.111(73)
УДК определител -312.9
УДК - код + определител 821.111(73)-312.9
100 ## - Редна дума - Автор
Автор Сандерсън, Брандън
Авторска отговорност първи автор
R(LIN) 347185
139 ## - Редно поле
Редна дума Сандерсън, Брандън
Авторски знак Сан - С 18
245 10 - Сведения за заглавието
Заглавие Ритъмът на войната
Редно поле (дума) Брандън Сандърсън; прев. от англ. Цветана Генчева
257 ## - Страна на издаване
Страна на създаване/издаване Съединени американски щати
260 ## - Област на издателските данни
Място на издаване, разпространение и проч. София
Име на издателя, разпространителя и проч. Артлайн Студиос
Година на издаване 2020
Информация за издателството Студио Арт Лайн
300 ## - Физическа характеристика
Страници 1312 с.
Размери/Мащаб 21 см
380 ## - Жанр
Жанр Худож. лит.
490 ## - СЕРИИ (Колекции)
9 (RLIN) 466728
Име на серия Летописите на светлината на бурята
500 ## - Общи забележки
Забележка Ориг. загл.: Rhythm of War / Brandon Sandarson
700 ## - Други автори (авторска отговорност)
Лично име Генчева, Цветана Тодорова
9 (RLIN) 364265
852 ## - Местоположение
Фондова буква Заемна - подръчен фонд
Систематично-азбучна сигнатура 821-31/С 18 Б
999 ## - СИСТЕМНИ КОНТРОЛНИ НОМЕРА
Koha biblionumber 435622
Koha biblioitemnumber 435622
942 ## - АРТИКУЛИ
Вид на библиотечния материал Книги
Скрит в OPAC Не
Периодичен библиозапис Да
Koha issues (borrowed), all copies 19
944 ## - СЪЗДАВАНЕ И РЕДАКЦИЯ на ЗАПИСА
Създаване/Редакция Създаване
Дата на регистрацията/редакция 2021-11-03
Служител, извършил регистрацията/редакцията 30531
Статус, дата на статуса Цветелина Шанова
999 ## - СИСТЕМНИ КОНТРОЛНИ НОМЕРА
Koha biblioitemnumber 435622
999 ## - СИСТЕМНИ КОНТРОЛНИ НОМЕРА
Koha biblioitemnumber 435534
999 ## - СИСТЕМНИ КОНТРОЛНИ НОМЕРА
Koha biblioitemnumber 382893
999 ## - СИСТЕМНИ КОНТРОЛНИ НОМЕРА
Koha biblioitemnumber 382893
Наличности
Код за отписване Код за изгубен артикул Източник на класификационната схема Код за повреда Коз за рестрикции Код за отдаване Артикулен № Име на библиотеката - собственик Име на библиотеката, в която се намира в момента Статус (Текущо местоположение) Дата на вписване в системата Местоположение - отдел Цена в лева Систематично азбучна сигнатура Баркод Цена в евро Служебен тип на артикула
  Не е изгубен Universal Decimal Classification Не е повреден без рестрикции заемане за дома 860125 Регионална библиотека "Любен Каравелов" Русе Регионална библиотека "Любен Каравелов" Русе Заемна - подръчен фонд 2021-11-04 Заемна - подръчен фонд 24.75 821-31/С 18 Б 120000861987 12.65 Книги
  Не е изгубен Universal Decimal Classification Не е повреден без рестрикции заемане за дома 860126 Регионална библиотека "Любен Каравелов" Русе Регионална библиотека "Любен Каравелов" Русе Заемна - подръчен фонд 2021-11-04 Заемна - подръчен фонд 24.75 821-31/С 18 Б 120000861988 12.65 Книги
Vip Innovations Ltd, Rousse, Bulgaria 2025